000 00673nam a2200289Ia 4500
005 20260324125832.0
008 008 260324s9999 xx 000 0 eng d
020 _a9780429134821
037 _aEBOOK
040 _aCRL
040 _beng
040 _cCRL
041 _2eng
041 _aeng
084 _qCRL
100 _aShiguo Lian
_91179511
245 0 _aMultimedia Content Encryption
245 0 _bTechniques and Applications
260 _bTaylor and Francis
260 _c2008
365 _a
365 _b260
856 _uhttp://www.taylorfrancis.com/books/9780429134821
942 _cEBOOK
999 _c1775105
_d1775105